| 000 | 00811nam a22001817a 4500 | ||
|---|---|---|---|
| 005 | 20210325185746.0 | ||
| 008 | s2523 th tha d | ||
| 041 | _atha | ||
| 090 | _aอศ ส736อ 2523 | ||
| 245 | 1 | 0 | _aอนุสรณ์พิธีพระราชทานเพลิงศพ หม่อมเจ้าสืบศุขสวัสดิ์ ศุขสวัสดิ์ |
| 260 | 3 |
_bโรงพิมพ์สามเจริญพาณิชย์, _c2523 |
|
| 300 |
_a107 หน้า : _b ภาพประกอบ ; _c 25 ซม. |
||
| 650 | 0 | 4 | _aสืบศุขสวัสดิ์ ศุขสวัสดิ์, ม.จ. -- ชีวประวัติ |
| 850 | _aNALT | ||
| 942 | _cCRE | ||
| 997 | _c000000000023789 | ||
| 998 | _aSAIPHON DEENGAM | ||
| 999 |
_c23789 _d23789 |
||